| 000 | 00420 a2200145 4500 | ||
|---|---|---|---|
| 999 |
_c4181 _d4181 |
||
| 020 | _a9788176488983 | ||
| 050 | _aLB 2805 SHA 2009 | ||
| 100 |
_aSharma, Promila _eAuthor |
||
| 245 |
_aEducation administration / _cPromila Sharma |
||
| 264 |
_aNew Delhi: _bA. P. H Publishing Corporation, _c2009 |
||
| 300 |
_a312p. : _bill. |
||
| 500 | _aNo index | ||
| 650 | _aEducational administration | ||
| 942 |
_2lcc _cBK _h2805 _iSHA _k2009 |
||